The actor's ways and means. (Record no. 124447)
[ view plain ]
| 000 -LEADER | |
|---|---|
| fixed length control field | 00804cam a22002651 4500 |
| 001 - CONTROL NUMBER | |
| control field | 2444453 |
| 003 - CONTROL NUMBER IDENTIFIER | |
| control field | ARRUPE |
| 005 - DATE AND TIME OF LATEST TRANSACTION | |
| control field | 20160322124203.0 |
| 008 - FIXED-LENGTH DATA ELEMENTS--GENERAL INFORMATION | |
| fixed length control field | 771130s1953 nyua 000 0 eng |
| 010 ## - LIBRARY OF CONGRESS CONTROL NUMBER | |
| LC control number | 54038459 /L/r96 |
| 035 ## - SYSTEM CONTROL NUMBER | |
| System control number | (OCoLC)ocm01148615 |
| 035 ## - SYSTEM CONTROL NUMBER | |
| System control number | (NNC)2444453 |
| 040 ## - CATALOGING SOURCE | |
| Original cataloging agency | DLC |
| Transcribing agency | DLC |
| Modifying agency | ZCU |
| 050 00 - LIBRARY OF CONGRESS CALL NUMBER | |
| Classification number | PN2061 |
| Item number | .R4 |
| 082 00 - DEWEY DECIMAL CLASSIFICATION NUMBER | |
| Classification number | 792.9 |
| 300 ## - PHYSICAL DESCRIPTION | |
| Other physical details | illus. |
| Dimensions | 23 cm. |
| 100 1# - MAIN ENTRY--PERSONAL NAME | |
| Personal name | Redgrave, Michael. |
| 9 (RLIN) | 23240 |
| 245 14 - TITLE STATEMENT | |
| Title | The actor's ways and means. |
| Statement of responsibility, etc | by Redgrave, Michael. |
| 260 ## - PUBLICATION, DISTRIBUTION, ETC. (IMPRINT) | |
| Place of publication, distribution, etc | London |
| Name of publisher, distributor, etc | William Heinemann |
| Date of publication, distribution, etc | 1953 |
| 300 ## - PHYSICAL DESCRIPTION | |
| Extent | 90 p.; |
| 490 1# - SERIES STATEMENT | |
| Series statement | The Rockefeller Foundation lectures, Dept. of Drama, University of Bristol, 1952-53 |
| 650 #0 - SUBJECT ADDED ENTRY--TOPICAL TERM | |
| Topical term or geographic name as entry element | Acting. |
| 9 (RLIN) | 23241 |
| 830 #0 - SERIES ADDED ENTRY--UNIFORM TITLE | |
| Uniform title | Rockefeller Foundation lectures ; |
| Volume number/sequential designation | 1952-53. |
| 9 (RLIN) | 23242 |
| 942 ## - ADDED ENTRY ELEMENTS (KOHA) | |
| Source of classification or shelving scheme | Library of Congress Classification |
| Koha item type | Monograph ( Printed materials) |
| Withdrawn status | Lost status | Source of classification or shelving scheme | Damaged status | Not for loan | Collection code | Home library | Current library | Shelving location | Date acquired | Total Checkouts | Full call number | Barcode | Date last seen | Price effective from | Koha item type |
|---|---|---|---|---|---|---|---|---|---|---|---|---|---|---|---|
| Library of Congress Classification | Main Collection | ARRUPE LIBRARY | ARRUPE LIBRARY | Main Collection | 22/03/2016 | PN2061.R4 | 46500007125 | 27/03/2019 | 22/03/2016 | Monograph ( Printed materials) |